=LDR 00000nam 2200000 4500 =001 INLIS000000000051187 =005 20170830122942 =035 ##$$a 0010-0817000370 =007 ta =008 170830###########################0###### =020 ##$$a 978-602-6559-17-3 =082 ##$$a R.903 =084 ##$$a R.903 ALV k =100 #$$a Alvi Merlina =245 1#$$a Kamus Istilah Sejarah dan Budaya /$c Alvi Merlina =250 ##$$a cet.1 =260 ##$$a Yogyakarta :$b Indoliterasi,$c 2017 =300 ##$$a iv, 368 hlm ; $c 20 cm =650 ##$$a Sejarah-Kamus =504 ##$$a Bibliografi : hlm. 368 =990 ##$$a 1001210012 =990 ##$$a 1001210012 =990 ##$$a 1001210012 =990 ##$$a 1001210012 =990 ##$$a 1001210012 =990 ##$$a 21702991 =990 ##$$a 01201710012 =990 ##$$a 01201710013 =990 ##$$a 01201710014 =990 ##$$a 01201710015 =990 ##$$a 21702992 =990 ##$$a 01201710012 =990 ##$$a 01201710013 =990 ##$$a 01201710014 =990 ##$$a 21702991 =990 ##$$a 21702993 =990 ##$$a 01201710012 =990 ##$$a 01201710013 =990 ##$$a 21702992 =990 ##$$a 21702991 =990 ##$$a 21702994 =990 ##$$a 01201710012 =990 ##$$a 21702993 =990 ##$$a 21702992 =990 ##$$a 21702991 =990 ##$$a 21702995 =990 ##$$a 21702994 =990 ##$$a 21702993 =990 ##$$a 21702992 =990 ##$$a 21702991